The war of the worlds (Record no. 284402)

MARC details
000 -LEADER
fixed length control field 00371nam a2200157Ia 4500
005 - DATE AND TIME OF LATEST TRANSACTION
control field 20241105115115.0
008 - FIXED-LENGTH DATA ELEMENTS--GENERAL INFORMATION
fixed length control field 240126s9999 xx 000 0 und d
020 ## - INTERNATIONAL STANDARD BOOK NUMBER
International Standard Book Number 9788175992825
082 ## - DEWEY DECIMAL CLASSIFICATION NUMBER
Classification number 823.912 WEL;1 R
100 ## - MAIN ENTRY--PERSONAL NAME
Personal name Wells, H G.
245 #4 - TITLE STATEMENT
Title The war of the worlds
260 ## - PUBLICATION, DISTRIBUTION, ETC. (IMPRINT)
Name of publisher, distributor, etc. Classics
Place of publication, distribution, etc. New Delhi
Date of publication, distribution, etc. 2015
300 ## - PHYSICAL DESCRIPTION
Extent 215
440 ## - SERIES STATEMENT/ADDED ENTRY--TITLE
Title NULL
942 ## - ADDED ENTRY ELEMENTS (KOHA)
Koha item type PESU Books
Holdings
Date last seen Total Checkouts Full call number Accession number Old discount Volume/Issue Number Cost, replacement price Price effective from Category Lost status Damaged status Department Withdrawn status bill no. Permanent Location Current Location Shelving location Entry date Vendor Cost, normal purchase price Grants Currency symbol Conversion rate Discount Discount type
26/01/2024   823.912 WEL;1 R PU8674 20 (07/07/1905) 159.20 26/01/2024 PESU Books     Central Library   IN2752 Central Library Central Library Central Library 24/03/2018 Sunrise 199.00 GEN RS 1 39.8 Rupees

© For any Suggestions or Query, please contact the library staff @ librarian@pes.edu or Phone: +9180 2672 1983/ 2108.